000 00292nam a22001337a 4500
008 170424b xxu||||| |||| 00| 0 eng d
020 _a9780534467739
041 _aeng
080 _24 ED
_a574
100 _a12
101 _aSHM
245 _aORGANIC CHEMISTRY
_cBROWN.F
942 _2udc
_cBK
999 _c11821
_d11821